Langues des chansons de l'Eurovision 2025 - Statistiques

Statistiques générales
  • Ce quiz a été pris 37 fois
    36 depuis la dernière actualisation
  • Le résultat moyen est 14 sur 20
Statistiques - réponses
# Langues % Correct
19 Anglais
100%
5 Français
100%
3 Italien
97%
1 Espagnol
94%
1 Allemand
91%
1 Portugais
79%
1 Grec
76%
1 Ukrainien
76%
1 Letton
71%
1 Serbe
71%
1 Suèdois
71%
1 Albanais
68%
1 Finnois
62%
1 Lituanien
62%
1 Polonais
62%
1 Islandais
59%
1 Monténégrin
56%
1 Hébreu
53%
1 Arménien
35%
1 Géorgien
26%
Aucun quiz correspondant
Distribution des résultats
% des personnes avec chaque résultat
Percentile par nombre de réponses
Votre historique - résultats
Vous n’avez pas pris ce quiz depuis la dernière actualisation